| 000 | 01067nam a2200241 4500 | ||
|---|---|---|---|
| 005 | 20251006070451.0 | ||
| 020 |
_a9781473771451 _cTZS 145,000/= |
||
| 040 |
_aMCCL _beng. _eAACR 2nd. rev.ed. |
||
| 082 | _a658.3 MER. | ||
| 100 | _aMello, jeffrey A. | ||
| 245 |
_aStrategic human resource management / _cJeffrey A. mello. |
||
| 250 | _a4th.ed. | ||
| 260 |
_aStamford: _bCengage Learning, _cc2015. |
||
| 300 |
_axiii, 674 p. : _bill. ; _c26 cm. |
||
| 504 | _aIncludes index. | ||
| 520 | _a This text shows you how through its unique system of concept integration. Most human resources textbooks give you the theories without showing you the connections to real life. This textbook lets you see both sides of human resources: the theory and the application. That way, you will not only get a great grade in class, you will be on your way to success after college as well. | ||
| 546 | _aeng. | ||
| 650 | _aStrategisches Management | ||
| 650 | _aOrganizational effectiveness | ||
| 650 | _aLabor productivity | ||
| 700 | _aJeffrey A. mello. | ||
| 942 | _cBK | ||
| 999 |
_c11935 _d11935 |
||